| 000 | 00608nam a22001577a 4500 | ||
|---|---|---|---|
| 003 | OSt | ||
| 005 | 20151001113713.0 | ||
| 008 | 151001b xxu||||| |||| 00| 0 eng d | ||
| 040 | _cRUA | ||
| 082 | _aAVM ប៊ិុច 1993 B067 Or.1 | ||
| 100 |
_91673 _aប៊ិុច ឆដា |
||
| 245 | _aជម្ងឺប្រដាប់រំលាយអាហារដែលគេជួបប្រទះញឹកញាប់នៅលើ មំសាហារសត្វ នៅប្រទេសកម្ពុជា, | ||
| 260 |
_aphnom penh _bRUA _c1993 |
||
| 300 |
_a66p. _bill. _c29cm. |
||
| 942 |
_2ddc _cAVM |
||
| 999 |
_c1578 _d1578 |
||